| 000 | 00473nam a2200181Ia 4500 | ||
|---|---|---|---|
| 005 | 20260429112037.0 | ||
| 008 | 260429s9999||||xx |||||||||||||| ||und|| | ||
| 020 | _a9781804893715 | ||
| 041 | _aEnglish | ||
| 082 |
_a338.5 _bBRO |
||
| 100 | _aBrooks, Lyra | ||
| 245 | 0 |
_aMicroeconomics / _cLyra Brooks |
|
| 260 |
_aUnited Kingdom : _bBrilliant Publication Ltd. , _c2025. |
||
| 300 | _ax, 264 p.; hb | ||
| 650 | _a Economics | ||
| 650 | _aMicroeconomics | ||
| 942 | _cTB | ||
| 999 |
_c52050 _d52050 |
||